| 000 | 00613nam a2200169 i 4500 | ||
|---|---|---|---|
| 001 | 168448 | ||
| 003 | ES-MaACL | ||
| 005 | 20230906213809.0 | ||
| 008 | 080411s1881 sp |||| | spa d | ||
| 110 | 2 |
_aSociedad de Acuarelistas de Madrid. _9137586 |
|
| 245 | 1 | 0 | _aReglamento de la Sociedad de Acuarelistas de Madrid. |
| 260 |
_aMadrid : _b[s.n.], _c1881 ( _eImp. y Lit. de la Bibl. Universal) |
||
| 300 |
_a22 p. ; _c14 cm. |
||
| 610 | 1 | 4 |
_aSociedad de Acuarelistas de Madrid. _9137586 |
| 852 |
_aES-MaACL _jT-894-F-1 _z.- Enc. en un vol. facticio conservando la cub. original |
||
| 852 |
_aES-MaACL _jT-409-F-10 |
||
| 999 |
_c168448 _d168448 |
||